|
|
|
|
| LEADER |
00000cam a2200000 a 4500 |
| 001 |
vtls001105464 |
| 003 |
SK-MaSNL |
| 005 |
20260301001345.0 |
| 008 |
240313s1976 xo e 00000 ger |
| 015 |
|
|
|a SNBA1976
|
| 035 |
|
|
|a SNK000048306
|
| 040 |
|
|
|a SNK
|b slo
|c SNK
|e AACR2
|
| 041 |
0 |
|
|a ger
|
| 044 |
|
|
|a xo
|c SK
|
| 080 |
|
|
|a 803.0:66(075.8)=30
|2 1981
|
| 080 |
|
|
|a 378:803.0:66(075.8)=30
|2 1981
|
| 100 |
1 |
|
|a Durgalová, Anna
|4 aut
|9 279543
|
| 245 |
1 |
0 |
|a Učebné texty z jazyka nemeckého pre chemikov
|c Anna Durgalová
|
| 250 |
|
|
|a 2. vyd. 2. dotl.
|
| 260 |
|
|
|a Bratislava
|b Slovenská vysoká škola technická
|c 1976
|
| 300 |
|
|
|a 161 s.
|b fotogr.
|c 29 cm
|
| 366 |
|
|
|e 400 výt.
|
| 504 |
|
|
|a Bibliogr. odkazy ; slov. nem.-slov. a slov.-nem.
|
| 650 |
0 |
7 |
|a nemčina
|2 SNKPH
|9 1384
|
| 655 |
|
7 |
|a učebnice vysokých škôl
|2 SNKPH
|9 70191
|
| 958 |
|
|
|a OND
|
| 958 |
|
|
|a RM
|
| 958 |
|
|
|a NB
|
| 999 |
|
|
|c 534732
|d 536662
|
| 952 |
|
|
|a SNK
|b SNK
|y PREZ
|7 0
|p 17A0942706
|o snkSB 24716
|i snkKSP 1348/77
|0 0
|1 0
|4 0
|d 2014-06-20
|f 1
|l 0
|r 2026-02-23 12:21:42
|w 2026-02-23
|
| 952 |
|
|
|a SNK
|b SNK
|y VYP
|7 0
|o snkSB 24716 D1
|i snkKSP 1349/77
|0 0
|1 0
|4 0
|d 2014-06-20
|l 0
|r 2026-02-23 12:21:42
|w 2026-02-23
|